Statistics for US States Containing The Letter D

Click here to take the quiz!

General Stats

  • This quiz has been taken 101 times
  • The average score is 8 of 10

Answer Stats

Answer% Correct
Delaware
93%
North Dakota
92%
South Dakota
92%
Florida
81%
Idaho
78%
Maryland
70%
Colorado
69%
Rhode Island
66%
Indiana
65%
Nevada
63%

Score Distribution

Percentile by Number Answered

Percent of People with Each Score

Your Score History

You have not taken this quiz